| 000 | 00963nam a2200289Ia 4500 | ||
|---|---|---|---|
| 000 | nam a22 i 4500 | ||
| 001 | UNACH-12307 | ||
| 007 | ta | ||
| 008 | 221212s ||||fr|||| 00| | spa d | ||
| 020 | _a978-970-290-697-1 | ||
| 041 | 0 | _aspa | |
| 082 | 0 | 4 |
_a415 _bVerbos - Gramática Lingüistica |
| 100 | 1 |
_aRUEDAS DE LA SERNA JORGE, 0, _eautor |
|
| 245 | 1 | 0 | _aLENGUA ESPAÑOLA |
| 264 | 3 | 1 |
_aMèxico : _bEditorial Santillana, S. A., _c2000 |
| 300 |
_a278 páginas : _bilustraciones |
||
| 336 |
_atexto _btxt _2rdacontent |
||
| 337 |
_ano mediado _bn _2rdamedia |
||
| 338 |
_avolumen _bnc _2rdacarrier |
||
| 504 | _aINCLUYE ÍNDICE | ||
| 505 | 0 | _alectura de textos.-- gramática y ortografía.-- el romanticismo y la oración activa.-- realismo en la literatura española.--generación del 98.--estructura del verso.-- gramática y ortografía | |
| 650 | 1 | 4 | _aORTOGRAFÍA |
| 650 | 2 | 4 | _aGRAMATICA |
| 650 | 2 | 4 | _aVERSOS |
| 942 |
_2ddc _c1 _n0 |
||
| 999 |
_c9572 _d9572 |
||